000 00612nam a2200217Ia 4500
003 OSt
005 20220918204121.0
006 a|||||r|||| 00| 0
007 ta
008 220917b |||||||| |||| 00| 0 eng d
024 _a111,073
037 _cTextual
040 _aARTS
_cARTS
_beng
041 _2eng
_aeng
082 _aV495,21xN12, M1.1
245 0 _aTwenty year long anti-Japanese revolutions under the red Sunrays
260 _aPyongyang
_bForeign Languages Publishings House
_c1981
650 _aHISTORY
942 _hV495,21xN12, M1.1
_cTEXL
_2CC
999 _c234422
_d234422